Fractional - and subfractional - horse power electric motors : what kinds are available - how they work and what they will do - how to select, apply, connect, and service them (Record no. 354010)

MARC details
000 -LEADER
fixed length control field 005430000a22001570004500
060 ## - NATIONAL LIBRARY OF MEDICINE CALL NUMBER
Classification number 100
082 ## - DEWEY DECIMAL CLASSIFICATION NUMBER
Classification number 621.462 VEI
100 ## - MAIN ENTRY--PERSONAL NAME
Personal name Veinott, Cyril G
245 ## - TITLE STATEMENT
Title Fractional - and subfractional - horse power electric motors : what kinds are available - how they work and what they will do - how to select, apply, connect, and service them
250 ## - EDITION STATEMENT
Edition statement 3
260 ## - PUBLICATION, DISTRIBUTION, ETC. (IMPRINT)
Place of publication, distribution, etc. Newyork, Mc Graw- Hill Book Company Inc
260 ## - PUBLICATION, DISTRIBUTION, ETC. (IMPRINT)
Date of publication, distribution, etc. 1970
300 ## - PHYSICAL DESCRIPTION
Extent 459
650 ## - SUBJECT ADDED ENTRY--TOPICAL TERM
Topical term or geographic name as entry element Electric motors/ polyphase motors/ stepper motors/ servomotors
942 ## - ADDED ENTRY ELEMENTS (KOHA)
Koha item type Books (General)
Holdings
Withdrawn status Lost status Damaged status Not for loan Collection code Home library Current library Shelving location Date acquired Total Checkouts Full call number Barcode Date last seen Price effective from Koha item type
        Malayalam College of Agriculture, Vellayani College of Agriculture, Vellayani   02/05/2014   621.462 VEI KAU_COAV-7415 02/05/2014 12/05/2022 Books (General)
        Malayalam College of Agriculture, Vellayani College of Agriculture, Vellayani   10/10/2019   621.462 VEI   10/10/2019 10/10/2019 Books (General)
Kerala Agricultural University Central Library
Thrissur-(Dt.), Kerala Pin:- 680656, India
Ph : (+91)(487) 2372219
E-mail: librarian@kau.in
Website: http://library.kau.in/